Normal view
MARC view
Entry Nome pessoal
001 - NÚMERO DE CONTROLE
- campo de controle: 581
003 - IDENTIFICADOR DO NÚMERO DE CONTROLE
- campo de controle: Br
005 - DATA E HORÁRIO DA ÚLTIMA TRANSAÇÃO
- campo de controle: 20250320084356.0
008 - CAMPO DE DADOS FIXOS
- campo de controle de tamanho fixo: 101040|| acnnnaab| aaaa d
035 ## - NÚMERO DE CONTROLE DO SISTEMA
- Número de Controle do Sistema: 101040318121006209
040 ## - FONTE DA CATALOGAÇÃO
- Instituição da catalogação original: Br
- Instituição que transcreveu o registro: Br
100 1# - CABEÇALHO--NOME PESSOAL
- Nome pessoal: Guaspari, Marina,
- Datas associadas ao nome: 1916-
- Função do autor por extenso: TRADUTORA
670 ## - FONTE POSITIVA DOS DADOS
- Citação da fonte positiva dos dados: Trad. de: Wilde, Oscar. O retrato de Dorian Gray. [1983?]
670 ## - FONTE POSITIVA DOS DADOS
- Citação da fonte positiva dos dados: Inf. da família
- Dados encontrados na fonte localizada no subcampo: (d.n.)
675 ## - FONTE NEGATIVA DOS DADOS
- Citação da fonte positiva dos dados: Acc. list. 75/83 jun.
- Citação da fonte positiva dos dados: Cad. de trad.
- Citação da fonte positiva dos dados: Dic. lit. bras.
- Citação da fonte positiva dos dados: Esc. do Brasil 79/81
- Citação da fonte positiva dos dados: Brasil e bras. de hoje
- Citação da fonte positiva dos dados: Delta
- Citação da fonte positiva dos dados: LC microf. 77/82 jun.